[Event "ITA-ch sf 80th"]
[Site "Civitanova Marche"]
[Date "2021.07.21"]
[Round "5"]
[White "Santagati, Alessandro"]
[Black "Jara, Erik"]
[Result "1-0"]
[WhiteElo "2302"]
[BlackElo "2110"]
[PlyCount "112"]
[EventDate "2021.07.17"]
[EventType "swiss"]
[EventRounds "9"]
[EventCountry "ITA"]
[SourceTitle "CBM 203 Extra"]
[Source "ChessBase"]
[SourceDate "2021.09.30"]
[SourceVersion "1"]
[SourceVersionDate "2021.09.30"]
[SourceQuality "1"]

1. d4 Nf6 2. Bf4 d5 3. e3 e6 4. Nf3 c5 5. c3 Nc6 6. Nbd2 Bd6 7. Bg3 0-0 8. Bd3 b6 9. Qe2 cxd4 10. exd4 Bb7 11. Ne5 Ne7 12. f4 Nf5 13. Bf2 Be7 14. 0-0 Nd6 15. Bh4 Nfe4 16. Bxe7 Qxe7 17. a4 a5 18. Ra3 f6 19. Nec4 dxc4 20. Bxe4 Nxe4 21. Nxe4 Rfe8 22. Raa1 Rac8 23. Nd2 Bd5 24. Rfe1 Qd7 25. Qg4 Qc6 26. Re3 Rc7 27. Rae1 Rce7 28. Qd1 Qc7 29. g3 Bb7 30. Nf3 Qc6 31. h4 Qd5 32. Kh2 Bc6 33. Qc2 Qh5 34. Nd2 Qd5 35. R3e2 e5 36. dxe5 fxe5 37. Qe4 Qd7 38. Qxc4+ Kh8 39. fxe5 Bxa4 40. e6 Qc6 41. Qxc6 Bxc6 42. Re5 Kg8 43. Nc4 Rb8 44. Rd1 Be8 45. Rd6 a4 46. Nxb6 Reb7 47. Nc4 Kf8 48. Kh3 Rc7 49. Rd4 Ke7 50. Ne3 Bc6 51. Rf4 Be8 52. Nd5+ Kd6 53. Nxc7 Kxe5 54. Rf8 Kd6 55. Rxe8 Rxb2 56. Rd8+ Ke5 1-0

[Event "ITA-ch sf 80th"]
[Site "Civitanova Marche"]
[Date "2021.07.19"]
[Round "3"]
[White "Santagati, Alessandro"]
[Black "Simonetto, Alessio"]
[Result "0-1"]
[WhiteElo "2302"]
[BlackElo "2116"]
[PlyCount "62"]
[EventDate "2021.07.17"]
[EventType "swiss"]
[EventRounds "9"]
[EventCountry "ITA"]
[SourceTitle "CBM 203 Extra"]
[Source "ChessBase"]
[SourceDate "2021.09.30"]
[SourceVersion "1"]
[SourceVersionDate "2021.09.30"]
[SourceQuality "1"]

1. e4 e5 2. Nf3 Nc6 3. Bc4 Bc5 4. 0-0 Nf6 5. d4 Bxd4 6. Nxd4 Nxd4 7. Bg5 d6 8. f4 Be6 9. fxe5 dxe5 10. Na3 Qe7 11. Bxf6 gxf6 12. c3 Bxc4 13. Nxc4 Ne6 14. Ne3 Qc5 15. Qd2 Nf4 16. Kh1 Rd8 17. Qe1 Qb6 18. b3 Rg8 19. g3 Qc6 20. Nf5 Nd3 21. Qe3 Rg4 22. Qh6 Rxe4 23. Kg1 Qb6+ 24. Kg2 Re2+ 25. Kf3 Rf2+ 26. Kg4 Qc6 27. Qe3 Qg2 28. Rg1 h5+ 29. Kxh5 Rxf5+ 30. Kg4 Rf4+ 31. Qxf4 Qe2+ 0-1

[Event "Villorba op 1st"]
[Site "Villorba"]
[Date "2021.06.26"]
[Round "3"]
[White "Greget, Mathias"]
[Black "Santagati, Alessandro"]
[Result "1/2-1/2"]
[WhiteElo "1940"]
[BlackElo "2304"]
[PlyCount "91"]
[EventDate "2021.06.25"]
[EventType "swiss"]
[EventRounds "9"]
[EventCountry "ITA"]
[SourceTitle "CBM 203 Extra"]
[Source "ChessBase"]
[SourceDate "2021.09.30"]
[SourceVersion "1"]
[SourceVersionDate "2021.09.30"]
[SourceQuality "1"]

1. e4 e6 2. d4 d5 3. Nd2 Nf6 4. e5 Nfd7 5. f4 c5 6. c3 Nc6 7. Ndf3 Qb6 8. g3 Be7 9. Bh3 0-0 10. Ne2 cxd4 11. cxd4 f6 12. Bxe6+ Kh8 13. exf6 Bb4+ 14. Bd2 Bxd2+ 15. Qxd2 Nxf6 16. Bxc8 Ne4 17. Qd3 Qb4+ 18. Kf1 Raxc8 19. Kg2 Qxb2 20. Rhb1 Nb4 21. Qb5 Qc2 22. Rc1 Nc3 23. Rxc2 Nxb5 24. Rb2 a5 25. Rc1 Rxc1 26. Nxc1 Rc8 27. Nd3 Nxd3 28. Rxb5 Rc2+ 29. Kh3 Rxa2 30. Rxd5 h6 31. Rb5 Nf2+ 32. Kh4 Ne4 33. Kg4 Kh7 34. Rxb7 Rf2 35. Ne5 Rxh2 36. Ra7 Rd2 37. Rxa5 Rxd4 38. Kf3 Nf6 39. Ra3 Rb4 40. Rd3 Rb5 41. g4 g5 42. Nd7 Kg7 43. Nxf6 Kxf6 44. Rd6+ Ke7 45. Rxh6 gxf4 46. Kxf4 1/2-1/2

[Event "Titled Tuesday intern op 26th Jan"]
[Site "Chess.com INT"]
[Date "2021.01.26"]
[Round "4"]
[White "Johnson, Frank B"]
[Black "Santagati, Alessandro"]
[Result "1-0"]
[WhiteElo "2208"]
[BlackElo "2304"]
[PlyCount "47"]
[EventDate "2021.01.26"]
[EventType "swiss (blitz)"]
[EventRounds "11"]
[EventCountry "USA"]
[SourceTitle "CBM 200 Extra"]
[Source "ChessBase"]
[SourceDate "2021.03.31"]
[SourceVersion "1"]
[SourceVersionDate "2021.03.31"]
[SourceQuality "1"]

1. e4 e6 2. d4 d5 3. Nc3 Nf6 4. Bg5 Bb4 5. e5 h6 6. Bd2 Bxc3 7. bxc3 Ne4 8. Qg4 g6 9. h4 c5 10. h5 g5 11. Bd3 Nxd2 12. Kxd2 Nc6 13. Ne2 c4 14. Bg6 fxg6 15. hxg6 Qe7 16. f4 gxf4 17. Rxh6 Qg7 18. Rxh8+ Qxh8 19. g7 Qg8 20. Nxf4 Ne7 21. Nh5 Kf7 22. Rf1+ Nf5 23. Qg5 Bd7 24. g4 1-0

[Event "Titled Tuesday intern op 01st Dec"]
[Site "Chess.com INT"]
[Date "2020.12.01"]
[Round "5"]
[White "Nazari, Arad"]
[Black "Santagati, Alessandro"]
[Result "1-0"]
[WhiteElo "2298"]
[BlackElo "2304"]
[PlyCount "33"]
[EventDate "2020.12.01"]
[EventType "swiss (blitz)"]
[EventRounds "11"]
[EventCountry "USA"]
[SourceTitle "CBM 199 Extra"]
[Source "ChessBase"]
[SourceDate "2021.01.31"]
[SourceVersion "1"]
[SourceVersionDate "2021.01.31"]
[SourceQuality "1"]

1. d4 d5 2. Nf3 Nf6 3. g3 e6 4. Bg2 Be7 5. 0-0 0-0 6. c3 c5 7. Re1 Nc6 8. Nbd2 b6 9. dxc5 Bxc5 10. e4 dxe4 11. Ng5 e3 12. fxe3 Nd5 13. Nde4 h6 14. Nxc5 Qxg5 15. e4 Qe7 16. exd5 Qxc5+ 17. Be3 1-0

[Event "Titled Tuesday intern op 01st Dec"]
[Site "Chess.com INT"]
[Date "2020.12.01"]
[Round "1"]
[White "Shetty, Atulya"]
[Black "Santagati, Alessandro"]
[Result "1-0"]
[WhiteElo "2437"]
[BlackElo "2304"]
[PlyCount "107"]
[EventDate "2020.12.01"]
[EventType "swiss (blitz)"]
[EventRounds "11"]
[EventCountry "USA"]
[SourceTitle "CBM 199 Extra"]
[Source "ChessBase"]
[SourceDate "2021.01.31"]
[SourceVersion "1"]
[SourceVersionDate "2021.01.31"]
[SourceQuality "1"]

1. c4 e6 2. g3 d5 3. Bg2 Nf6 4. Nf3 Be7 5. 0-0 0-0 6. b3 c5 7. Bb2 Nc6 8. e3 b6 9. Nc3 Bb7 10. cxd5 exd5 11. d4 Rc8 12. dxc5 bxc5 13. Qe2 Re8 14. Rfd1 d4 15. exd4 cxd4 16. Qb5 dxc3 17. Rxd8 Nxd8 18. Bc1 Be4 19. Nd4 Bxg2 20. Kxg2 Bc5 21. Bg5 Re5 22. Bxf6 gxf6 23. Qd7 Rb8 24. Qc7 Ra8 25. Nf3 Rd5 26. Rc1 Ne6 27. Qc6 Rad8 28. Rxc3 Bb6 29. Rc2 Rd1 30. Qc3 Kg7 31. Rd2 R1xd2 32. Nxd2 Rd4 33. Nf3 Rd5 34. Nh4 Ng5 35. Qc2 h6 36. Nf5+ Kf8 37. h4 Ne6 38. Nxh6 Ke7 39. Nf5+ Kd7 40. Nh6 Nc5 41. Nxf7 Nd3 42. Qc4 Rd4 43. Qb5+ Kc7 44. Qe8 Nxf2 45. h5 Ne4 46. h6 f5 47. Qe7+ Kc6 48. Ne5+ Kd5 49. Nf3 Rd3 50. h7 Rxf3 51. Kxf3 Nd6 52. h8Q Ne4 53. Qhe5+ Kc6 54. Qxf5 1-0